Енциклопедія Сучасної України (Запис № 17468)

000 -Маркер запису
Контрольне поле сталої довжини 01730nam a22002777a 4500
003 - Належність контрольного номера
Контрольне поле Uzh_bibl
008 - Кодовані дані
Контрольне поле сталої довжини 260422b |||||||| |||| 00| 0 ukr d
020 ## - Індекс ISBN
ISBN 978-966-02-8346-6
Ціна 94.95
040 ## - Джерело каталогіз.
Код мови каталог. укр.
041 ## - Код мови видання
Код мови оригіналу українська
Код мови тексту українська
080 ## - Індекс УДК
Індекс УДК 030(477)
090 ## - Шифри
Поличний індекс 030(477)
Авторський знак Е64
100 ## - Автор
Автор -
245 ## - Назва
Назва Енциклопедія Сучасної України
Продовж. назви Т. 20: Мед - Мік.
Фізичний носій Текст
260 ## - Вихідні дані
Місце видання Київ
Видавництво ТОВ "Твори"
Дата видання 2018
300 ## - Фізичний опис
Обсяг 688 с.
Ілл./тип відтвор. іл.
Тип одиниці В опр.
490 ## - Серія
№ тому Том - 20
520 ## - Анотація
Анотація Енциклопедія Сучасної України - перше багатотомне видання про Україну всіх вимірах від початку 20 століття до сьогодення. Енциклопедія подає цілісний образ новітньої України в подіях, інституціях, установах, родах діяльності, поняттях, особах. Охоплює всі сфери життя в Україна, відображає сучасні погляди на історичні події та постаті. У двадцятому томі подано 2059 статей, 1944 чорно-білих та 371 кольорову ілюстрацію 11 карт і 1 таблицю.
521 ## - Примітка про цільове призначення
Примітка про цільове призначення Для широкого кола читачів
546 ## - Примітка про мову
Примітка про мову укр.
650 ## - Тематичні рубрики
Основна рубрика Довідкове видання
653 ## - Ключові слова
Ключові слова Енциклопедія.
-- Україна
655 ## - Термін індексування — жанр/форма
Жанр/форма Науково-популярне видання
Основне ділення Енциклопедія
700 ## - Інші автори
Інші автори І.Дзюба, А.Жуковський, О.Романів та ін.
942 ## - ADDED ENTRY ELEMENTS (KOHA)
Джерело класифікації чи схема поличного розташування
Koha item type Книги
Фонди
Статус вилучення Статус втрати/відсутності Джерело класифікації чи схема поличного розташування Статус пошкодження Тип обігу (не для випозичання) Постійне розташування Поточне розташування Розташування у відділі Дата надходження Інвентарний номер Total Checkouts Повний (примірниковий) шифр зберігання Штрих-код Date last seen Дата, для якої чинна ціна заміни Тип одиниці (рівень примірника)
          Бібліотека-філія №2 Бібліотека-філія №2 Читальна зала старший відділ 22/04/2026 70962   030(477) 19852 22/04/2026 22/04/2026 Книги

Працює на АБІС Коха